| 000 | 00414nab a2200145Ia 4500 | ||
|---|---|---|---|
| 003 | ES-SlBCS | ||
| 005 | 20210601124919.0 | ||
| 008 | 140529s1973 xxu||||| |||| 00| 0 eng d | ||
| 041 | _aeng | ||
| 100 | 1 |
_aMiri, Mrinal _9151380 |
|
| 245 | 0 | 0 |
_aMemory and Personal Identity _c Mrinal Miri |
| 650 | 0 | 4 |
_aMemoria-Identidad Personal _9151381 |
| 773 | 0 |
_tMind _gvol. 83, nº. 325, 1973, págs. 1-21 _wRev1408 |
|
| 942 | _cAR | ||
| 999 |
_c521604 _d521604 |
||